| 000 | 00470cam a22001337a 4500 | ||
|---|---|---|---|
| 008 | 180718b1976 xxu||||| |||| 00| 0 eng d | ||
| 020 | _a0 11 700800 | ||
| 082 | _aJ4x42 Un3r | ||
| 245 |
_aRegional development in Britain _cby Reference Division, Central Office of Information |
||
| 260 |
_aLondon _bHer Majesty's Stationery Office _c1976 |
||
| 300 | _a67p | ||
| 650 | _aRegional planning --Great Britain. | ||
| 700 | _aU.K. Central Office of Information. Reference Division | ||
| 999 |
_c415329 _d415329 |
||